000 00719nam a2200277Ia 4500
005 20260324113746.0
008 008 260324s9999 xx 000 0 eng d
020 _a9781003314967
037 _aEBOOK
040 _aCRL
040 _beng
040 _cCRL
041 _2eng
041 _aeng
084 _qCRL
100 _aV. I. Kodolov; Omari Mukbaniani; Ann Rose Abraham; A. K. Haghi
_91148061
245 0 _aNanostructured Carbon for Energy Generation, Storage, and Conversion
260 _bTaylor and Francis
260 _c2023
365 _a
365 _b275
856 _uhttp://www.taylorfrancis.com/books/9781003314967
942 _cEBOOK
999 _c1737880
_d1737880